| 000 | 00298 a2200097 4500 | ||
|---|---|---|---|
| 082 | _a624.1834 KRI | ||
| 100 | _aKrishanaswamy,K.T. | ||
| 245 |
_aLimit Design of Reinforced Concrete Structures / _cK.T.Krishanaswamy |
||
| 260 |
_aDelhi : _cKhanna Publishers, _b1998 |
||
| 300 |
_a176p. : _bill . ; _c20cm |
||
| 650 | _aconcrete structure | ||
| 999 |
_c1360 _d1360 |
||